00414pab a2200133 454500008004000000100002900040245007200069260000900141300001100150362001100161650004300172650002800215773003700243180718b2002 xxu||||| |||| 00| 0 eng d aGobodo-Madikizela, Pumla aRemorse, forgiveness, and rehumanization: stories from South Africa c2002 ap.7-32 aWinter aHuman rights violations - South Africa aHuman rights violations aJournal of Humanistic Psychology